Geography Multi-select #44 - Statistics

General Stats
  • This quiz has been taken 14 times
  • The average score is 53 of 90
Answer Stats
Question Tile Select % Correct
U.S. states whose capital city is their most populous one. Alaska No
85%
countries where German has nationwide minority language status. Brazil No
85%
U.S. states whose capital city is their most populous one. California No
85%
JetPunk sovereign states with sovereign territory having a coastline on the Coral Sea. Kiribati No
85%
JetPunk sovereign states with a coastline on the Mediterranean Sea. Kosovo No
85%
five most populous municipalities in Maine (2020). Sanford No
85%
JetPunk sovereign states with a coastline on the Mediterranean Sea. Sudan No
85%
U.S. states whose capital city is their most populous one. Alabama No
77%
five most populous municipalities in Maine (2020). Biddeford No
77%
five most populous cities in Bulgaria (2021). Dobrich No
77%
JetPunk sovereign states with sovereign territory having a coastline on the Coral Sea. F. S. Micronesia No
77%
JetPunk sovereign states with a coastline on the Mediterranean Sea. Greece Yes
77%
JetPunk sovereign states that share a land border with Armenia. Iraq No
77%
JetPunk sovereign states with a coastline on the Mediterranean Sea. Jordan No
77%
JetPunk sovereign states with sovereign territory having a coastline on the Coral Sea. Nauru No
77%
JetPunk sovereign states with a coastline on the Mediterranean Sea. Portugal No
77%
JetPunk sovereign states with a coastline on the Mediterranean Sea. Serbia No
77%
five most populous cities in Bulgaria (2021). Sliven No
77%
U.S. states that share a land border with Mississippi. South Carolina No
77%
five most populous cities in Bulgaria (2021). Stara Zagora No
77%
JetPunk sovereign states that share a land border with Armenia. Syria No
77%
JetPunk sovereign states that are members of the Asia Cooperation Dialogue. Syria No
77%
JetPunk sovereign states that share a land border with Armenia. Tajikistan No
77%
JetPunk sovereign states with sovereign territory having a coastline on the Coral Sea. Tonga No
77%
JetPunk sovereign states that share a land border with Armenia. Ukraine No
77%
five most populous municipalities in Maine (2020). Brunswick No
69%
U.S. states that share a land border with Mississippi. Florida No
69%
U.S. states that share a land border with Mississippi. Georgia No
69%
JetPunk sovereign states that share a land border with Armenia. Georgia Yes
69%
National Historic Landmarks currently located in Kentucky. Harrodsburg Commercial District No
69%
U.S. states that share a land border with Mississippi. Kentucky No
69%
U.S. states that share a land border with Mississippi. Louisiana Yes
69%
JetPunk sovereign states with a coastline on the Mediterranean Sea. Morocco Yes
69%
five most populous municipalities in Maine (2020). Portland Yes
69%
countries where German has nationwide minority language status. Russia No
69%
JetPunk sovereign states with a coastline on the Mediterranean Sea. Saudi Arabia No
69%
five most populous cities in Bulgaria (2021). Sofia Yes
69%
National Historic Landmarks currently located in Kentucky. Southeast Christian Church No
69%
JetPunk sovereign states that share a land border with Armenia. Turkey Yes
69%
JetPunk sovereign states that share a land border with Armenia. Turkmenistan No
69%
JetPunk sovereign states with a coastline on the Mediterranean Sea. Albania Yes
62%
U.S. states whose capital city is their most populous one. Arizona Yes
62%
U.S. states that share a land border with Mississippi. Arkansas Yes
62%
U.S. states whose capital city is their most populous one. Arkansas Yes
62%
JetPunk sovereign states with sovereign territory having a coastline on the Coral Sea. Australia Yes
62%
JetPunk sovereign states that share a land border with Armenia. Azerbaijan Yes
62%
U.S. states whose capital city is their most populous one. Colorado Yes
62%
U.S. states whose capital city is their most populous one. Connecticut No
62%
countries where German has nationwide minority language status. Czech Republic Yes
62%
U.S. states whose capital city is their most populous one. Hawaii Yes
62%
countries where German has nationwide minority language status. Slovakia No
62%
five most populous municipalities in Maine (2020). South Portland Yes
62%
five most populous cities in Bulgaria (2021). Varna Yes
62%
U.S. states that share a land border with Mississippi. Alabama Yes
54%
countries where German has nationwide minority language status. Denmark No
54%
U.S. states whose capital city is their most populous one. Georgia Yes
54%
JetPunk sovereign states that share a land border with Armenia. Iran Yes
54%
JetPunk sovereign states that are members of the Asia Cooperation Dialogue. Jordan No
54%
JetPunk sovereign states that are members of the Asia Cooperation Dialogue. Malaysia Yes
54%
JetPunk sovereign states with sovereign territory having a coastline on the Coral Sea. Papua New Guinea Yes
54%
five most populous cities in Bulgaria (2021). Pleven No
54%
five most populous cities in Bulgaria (2021). Plovdiv Yes
54%
countries where German has nationwide minority language status. Poland Yes
54%
five most populous municipalities in Maine (2020). Scarborough No
54%
JetPunk sovereign states with sovereign territory having a coastline on the Coral Sea. Solomon Islands Yes
54%
U.S. states that share a land border with Mississippi. Tennessee Yes
54%
JetPunk sovereign states that are members of the Asia Cooperation Dialogue. Yemen No
54%
five most populous municipalities in Maine (2020). Bangor Yes
46%
five most populous cities in Bulgaria (2021). Burgas Yes
46%
National Historic Landmarks currently located in Kentucky. Belle of Frankfurt river steamboat No
46%
JetPunk sovereign states that are members of the Asia Cooperation Dialogue. Iraq No
46%
U.S. states that share a land border with Mississippi. Missouri No
46%
JetPunk sovereign states that are members of the Asia Cooperation Dialogue. Laos Yes
38%
five most populous municipalities in Maine (2020). Lewiston Yes
38%
JetPunk sovereign states that are members of the Asia Cooperation Dialogue. Myanmar Yes
38%
countries where German has nationwide minority language status. Namibia No
38%
JetPunk sovereign states with sovereign territory having a coastline on the Coral Sea. Vanuatu Yes
38%
JetPunk sovereign states that are members of the Asia Cooperation Dialogue. Kyrgyzstan Yes
31%
National Historic Landmarks currently located in Kentucky. Old Louisville City Hall No
31%
National Historic Landmarks currently located in Kentucky. Zachary Taylor House Yes
31%
five most populous municipalities in Maine (2020). Auburn Yes
23%
National Historic Landmarks currently located in Kentucky. Churchill Downs Yes
23%
JetPunk sovereign states with sovereign territory having a coastline on the Coral Sea. France Yes
23%
five most populous cities in Bulgaria (2021). Ruse Yes
23%
National Historic Landmarks currently located in Kentucky. Daniel C. Beard Boyhood Home Yes
15%
countries where German has nationwide minority language status. Hungary Yes
15%
National Historic Landmarks currently located in Kentucky. Middle Creek Battlefield Yes
15%
countries where German has nationwide minority language status. Romania Yes
15%
National Historic Landmarks currently located in Kentucky. Wendover (Frontier Nursing Service Headquarters) Yes
15%
JetPunk sovereign states that are members of the Asia Cooperation Dialogue. Mongolia Yes
8%
No matching quizzes found
Score Distribution
Percent of People with Each Score
Percentile by Number Answered
Your Score History
You have not taken this quiz